000
00324nam a2200121Ia 4500
008
210430s9999 xx 000 0 und d
082
_a
546 A873 I
100
_a
Peter Atkuns
245
_a
Shriver &Atkins Inorganic Chemistry
_c
Peter Atkuns
260
_a
Canda
_b
Oxford university
_c
2006
300
_a
822p
942
_c
BK
_2
ddc
999
_c
562580
_d
562580